Biblioteca

Multipurpose tools for Bible Study (Registro nro. 46665)

Detalles MARC
000 -LÍDER
Campo fijo de descripción fija 01418cam a2200313 i 4500
001 - NÚMERO DE CONTROL
Campo de control 20314
003 - IDENTIFICADOR DEL NÚMERO DE CONTROL
Campo de control CO-MdFUSB
005 - FECHA Y HORA DE LA ULTIMA TRANSACCIÓN
control field 20190211110709.0
008 - ELEMENTOS DE LONGITUD FIJA -- INFORMACIÓN GENERAL
Campo fijo de descripción fija -- Información general 161005t20031993mnu||||g |||| 001 0deng d
020 ## - NÚMERO INTERNACIONAL NORMALIZADO PARA LIBROS
Número Internacional Normalizado del libro 9780800635954
040 ## - FUENTE DE CATALOGACIÓN
Agencia de catalogación original CO-MdFUSB
Idioma de catalogación spa
Agencia que realiza la transcripción CO-MdFUSB
Agencia que realiza la modificación CO-MdFUSB
Convenciones de la descripción rda
041 ## - CÓDIGO DE IDIOMA
Código de idioma para texto/pista de sonido o título separado eng
082 ## - NÚMERO DE CLASIFICACIÓN DECIMAL DEWEY
Número de la edición del Dewey 24
Número de clasificación G 220.07
Clave de autor-Numero de item D187m
100 1# - ASIENTO PRINCIPAL--NOMBRE PERSONAL
Nombre personal Danker, Frederick W.
Término relacionador autor
245 00 - TÍTULO
Título del Material Multipurpose tools for Bible Study
Mención de responsabilidad, etc. / Frederick W. Danker
250 ## - MENCIÓN DE EDICIÓN
Mención de edición 2nd edición, rev y ampliada
264 #1 - PRODUCCIÓN, PUBLICACIÓN, DISTRIBUCIÓN, MANUFACTURA, Y COPYRIGHT
Lugar de producción, publicación, distribución, manufactura Minneapolis,
Nombre del productor, publicador, distribuidor Minnesota,
Fecha de producción, publicación, distribución, manufactura, o copyright ℗1993
264 #4 - PRODUCCIÓN, PUBLICACIÓN, DISTRIBUCIÓN, MANUFACTURA, Y COPYRIGHT
Fecha de producción, publicación, distribución, manufactura, o copyright ©2003
300 ## - DESCRIPCIÓN FÍSICA
Extensión xiii, 330 páginas :
Dimensiones ; 23 cm
336 ## - TIPO DE CONTENIDO
Fuente rdacontent
Término de tipo de contenido texto
Código de tipo de contenido txt
337 ## - TIPO DE MEDIO
Fuente rdamedia
Nombre del tipo de medio sin mediación
Código del tipo de medio n
338 ## - TIPO DE SOPORTE
Fuente rdacarrier
Nombre del tipo de soporte volumen
Código Tipo de soporte nc
501 ## - NOTA DE “CON”
Nota de Contenido Incluye índice (páginas 308-330)
505 00 - NOTA DE CONTENIDO
Nota de contenido con formato preestablecido Concordancias -- El Nuevo Testamento griego -- El Antiguo Testamento hebreo -- El Antiguo Testamento griego -- El uso de la Septuaginta -- Gramáticas y lexicones del Antiguo Testamento -- Las gramáticas y los lexicones del Nuevo Testamento griego -- El uso de las gramáticas y los lexicones -- Diccionarios de la Biblia -- Versiones de la Biblia -- El uso de las versiones de la Biblia en inglés -- Judica -- Contextualidad -- Los Rollos del Mar Muerto -- Comentarios y sus usos
540 ## - NOTA DE CONDICIONES DE USO Y REPRODUCCION
Términos que regulan el uso y reproducción Rústico
630 07 - TITULO UNIFORME
Título uniforme Biblia
Subdivisión de materia general Crítica, interpretación, etc.
653 ## - TÉRMINO DE INDIZACIÓN - NO CONTROLADO
Término no controlado Estudio de la biblia
942 ## - TIPO DE MATERIAL (KOHA)
Tipo de Item KOHA Libros General
Existencias
Estado de Material Estado de Perdido Forma de Clasificación Estado de Dañado No para Préstamo Colección Tomo Biblioteca de Origen Biblioteca Permanente Fecha de Adquisición Total de Préstamos Signatura Topográfica Código de Barras Última vez visto Ejemplar/Existencia Fecha de Remplazo Tipo de Material
    Dewey Decimal Classification     Colección General   Biblioteca FUSBC Biblioteca FUSBC 21/07/2015   G 220.07 D187m 20565 12/12/2019 Ej. 1 26/01/2016 Libros General

Biblioteca FUSBC | Teléfono: (57+4) 349 88 10 Ext. 141| WhatsApp (+57) 3005338115 
E-mail: biblioteca@unisbc.edu.co | Calle 76 87-14 Robledo Palenque, Medellín, Colombia

Con tecnología Koha